[Event "Amsterdam Euwe Memorial"]
[Site "Amsterdam"]
[Date "1996.03.30"]
[Round "7"]
[White "Kasparov, Garry"]
[Black "Kramnik, Vladimir"]
[Result "1-0"]
[WhiteElo "2775"]
[BlackElo "2775"]
[Annotator "Boensch,U"]
[PlyCount "85"]
[EventDate "1996.03.22"]
[EventType "tourn"]
[EventRounds "9"]
[EventCountry "NED"]
[EventCategory "18"]
[SourceTitle "CBM 052"]
[Source "ChessBase"]
[SourceDate "1996.06.01"]
[SourceVersion "1"]
[SourceVersionDate "1996.06.01"]
[SourceQuality "1"]

1. e4 {Ftacnik Dokhoian Kramnik} c5 2. Nc3 Nc6 3. Nge2 d6 4. d4 cxd4 5. Nxd4
Nf6 6. Bg5 e6 7. Qd2 Be7 8. O-O-O Nxd4 (8... O-O 9. Nb3 a5 10. a3 h6 11. Bxf6
Bxf6 12. Qxd6 Qxd6 13. Rxd6 a4 14. Nd2 Be7 15. Rd3 Ne5 16. Rd4 Ng4 17. Bb5 Nxf2
18. Re1 $14 {Timman,J-Piket,J/Amsterdam VSB (01) ;CBM 52_06 1996/1/2-1/2 (57)})
9. Qxd4 a6 (9... O-O {- CBM 50 Survey}) 10. f4 (10. e5 dxe5 11. Qxe5 Bd7 12.
Be2 Rc8 13. h4 Qc7 14. Qxc7 Rxc7 $10 {Ferguson,M-Aseev,K/London Lloyds (01) ;
EXP 43 1994/0-1 (58)}) 10... b5 (10... Qa5 11. e5 dxe5 12. fxe5 Nd5 13. Bxe7
Nxe7 14. Bd3 Nc6 15. Qh4 Nxe5 16. Ne4 f6 17. Rhf1 Qc7 18. Nxf6+ $16 {Adler,
V-Bannik,A/URS/1978/}) (10... O-O {Dokhoian}) 11. Bxf6 (11. Be2 {Dokhoian} Bb7
12. Bf3 Qc7 $5 $13) 11... gxf6 (11... Bxf6 $2 12. e5 $1 (12. Qxd6 {Ftacnik}
Qxd6 13. Rxd6 Bb7 14. Rb6 O-O-O 15. e5 Be7 16. a4 b4 17. Nd1 Kc7 18. Rxa6 Bxa6
19. Bxa6 g5 20. g3 gxf4 21. gxf4 Rd4 22. Rg1 Rxf4 23. Rg7 Bf8 24. Rg3 Rf5 {
0-1 Kiss,Ged-Rotman,D/Budapest FS08 IM-A (08)/1995/ (44)}) 12... dxe5 (12...
Be7 13. exd6 Bf6 14. Qe4 Rb8 15. Nd5 $18) 13. Qe4 (13. Qc5 Bd7 14. Nxb5 axb5
15. Rxd7 $1 $18) 13... Bd7 14. Bxb5 $1 (14. Rxd7 $5 Kxd7 15. Bxb5+ Ke7 16. Rd1
$18) 14... axb5 15. Rxd7 Qa5 (15... Kxd7 16. Rd1+ Ke8 (16... Kc7 {Ftacnik} 17.
Nxb5+ Kb6 18. Rd6+ Qxd6 (18... Kxb5 19. Qc6+ Ka5 20. Qc5+ Ka4 21. b3#) 19. Nxd6
exf4 20. Qb7+ Kc5 21. Qc7+ $18) (16... Ke7 17. Qb4+ Ke8 18. Qxb5+ Kf8 19. Rxd8+
$18) 17. Rxd8+ Rxd8 18. fxe5 Bg5+ 19. Kb1 $18) 16. Rb7 O-O 17. Rxb5 Qa6 18.
fxe5 Bg5+ 19. Kb1 Bd2 20. Qb7 Bxc3 21. Qxa6 Rxa6 22. bxc3 $16 {1-0 Karasev,
V-Aseev,K/St.Petersburg-ch (08) ;CBM 47 1995 (38)}) 12. Bd3 (12. f5 Qc7 13.
fxe6 fxe6 14. Qd2 Qc5 15. Kb1 Bd7 16. Bd3 b4 17. Ne2 a5 18. Nf4 a4 19. Be2 {
1/2-1/2 Dolmatov,S-Aseev,K/Kemerovo1 (07) ;CBM 50 1995}) (12. f5 $5 {Dokhoian})
(12. Be2 {/\f5, Bh5}) 12... Qc7 (12... O-O 13. e5 $1 d5 14. Ne4 $16) 13. Qe3
Qc5 14. Qg3 {+/= Dokoian, = Kramnik} b4 15. Ne2 (15. Qg7 Rf8 16. Ne2 Qh5 (16...
a5 17. Qxh7 a4 $44) 17. Nd4 Qg6 $10) 15... a5 16. Kb1 (16. Qg7 Rf8 17. Qxh7 a4
18. Kd2 $14) 16... Kf8 17. Qh3 h5 18. Rc1 (18. f5 e5 $15 (18... e5 19. Ng3 a4
$132)) 18... d5 $6 (18... a4 {Kramnik} 19. c3 (19. c4 a3 20. b3 f5 21. exf5 Bf6
) 19... Rb8 20. cxb4 Qxb4 21. Rc2 $132) (18... Bd8) 19. exd5 (19. c3 $5 Bb7 20.
f5 e5 $13) 19... Qxd5 (19... f5 $1 20. dxe6 Bxe6 21. c4 $16 (21. Ng3 $6 Bf6 (
21... a4 $5 22. Bxf5 Bxa2+ 23. Kxa2 b3+ 24. Kb1 a3 $40) 22. Bxf5 Qd4 23. c3
Bxa2+ $5 24. Kxa2 b3+ (24... bxc3 $5) 25. Kxb3 Rb8+ 26. Ka2)) 20. f5 (20. Rhd1
f5 21. Ng3 Bb7 22. Be4 Qb5 23. Bxb7 Qxb7 $10) 20... a4 (20... e5 21. Ng3 $14 {
[%csl Ge4]}) 21. Rhe1 Rb8 (21... e5 22. Ng3 (22. c4 Qc5 23. Ng3 $2 a3 24. b3
Qd4 $19) 22... b3 $1 23. Be4 bxa2+ 24. Ka1 Qa5 25. Bxa8 a3 26. Ne4 axb2+ 27.
Kxb2 Qxa8 $44) 22. Nf4 Qd6 23. Qf3 e5 (23... Bb7 24. Be4 Bxe4 25. Qxe4 $16) 24.
Nd5 (24. Nxh5 a3 25. b3 Qd4 26. c3 bxc3 27. g4 $13) 24... Bd8 $2 (24... Bb7 25.
Be4 Bxd5 26. Bxd5 Qb6 27. Rcd1 Bc5 $14) 25. Be4 Qc5 26. c3 $2 (26. Rcd1 $142
$18 {Kramnik: /\ Rd2-Red1}) (26. Qe3 Qxe3 27. Rxe3 $16) 26... bxc3 27. Rxc3 Qd6
28. Rd1 Bb6 29. Nxb6 (29. Rdc1 Bd7 30. Nxb6 Qxb6 31. R3c2 Kg7 $14) 29... Qxb6
30. Rc2 Kg7 31. a3 (31. g4 $1 Bb7 (31... h4 32. Qg2 $5 {Dokhoian} h3 33. Qg3 {
/\ 34.g5}) (31... Kh6 $2 32. g5+ fxg5 33. Rc6+) (31... Rd8 $2 32. Rxd8 Qxd8 33.
gxh5 Qd4 34. h6+) 32. gxh5 Bxe4 33. Qxe4 a3 34. b3 $16) 31... Kh6 32. Rdd2 Bb7
$2 (32... Rd8 33. Rxd8 (33. Rc6 Qg1+ 34. Rc1 Qb6) 33... Qxd8 34. g4 $14 (34.
Qe3+ Kg7 $10)) (32... Rd8 $14) 33. Bxb7 Qxb7 (33... Rxb7 34. Rc6 Qg1+ 35. Rd1
Qxh2 36. Rxf6+ Kg5 37. Qxb7 Kxf6 38. Rd6+ Kg5 39. Qxf7 $18) 34. Rc6 Rhc8 (34...
Qe7 35. Rdd6) 35. Rxf6+ Kg5 (35... Kg7 36. Qg3+ $1 Kxf6 (36... Kf8 37. Qxe5 Re8
38. Qg3 Qe4+ 39. Ka1 $18) 37. Rd6+ Kxf5 (37... Ke7 38. Qxe5+ Kf8 39. Rh6 Qxb2+
$8 40. Qxb2 Rxb2+ 41. Kxb2 Rb8+ 42. Ka2 Kg7 43. Rxh5 $18 (43. Rxh5 Re8 44. g3
Kf6 45. Rh4 Re2+ 46. Kb1 Kxf5 47. Rxa4 Rxh2 48. Rf4+ $16)) 38. Qf2+ Kg5 39.
Qf6+ Kg4 40. h3+ Kg3 41. Qxe5+ Kxg2 (41... Kf2 42. Rd2+ Kg1 43. Qe3+ Kh1 44.
Rd1+ Kh2 45. Qf4+ Kxg2 46. Rd2+ Kg1 47. Qf2+ Kh1 48. Qh2#) 42. Rd2+ Kf3 43.
Rd3+ Kf2 44. Qe3+ Kg2 45. Rd2+ Kh1 46. Qe1#) 36. Rxf7 $2 (36. Qg3+ $142 $1 Kxf6
37. Rd6+ {siehe Variante 35...Kg7}) 36... Qxf3 (36... Qxf7 $2 37. Qe3+ (37.
Qg3+ $2 Kh6 38. Rd6+ Kh7 39. Qg5 Rxb2+ $1 40. Kxb2 Qb3+ 41. Ka1 Qxa3+ 42. Kb1
Rb8+ $19) 37... Kf6 (37... Kxf5 38. Rf2+ Ke6 39. Rxf7 Kxf7 40. Qxe5 $18) 38.
Rd6+ Kg7 (38... Ke7 39. Qxe5+ Kf8 40. Rf6 $18) 39. Qh6+ Kg8 40. Rg6+ $18) 37.
gxf3 Rc3 38. Rg2+ Kf4 $2 (38... Kh4 39. Rf2 Rxa3 $16) 39. f6 Rxf3 40. Re7 Rf8
41. f7 Kf5 (41... Ke3 42. Rxe5+ Kd3 43. Rxh5 $18) 42. Rg8 Kf6 43. Rxe5 (43.
Rxe5 Rxf7 (43... Kxe5 44. Rxf8 Ke6 45. Rh8 Kxf7 46. Rxh5) 44. Rxh5 $18) 1-0

[Event "Amsterdam Euwe Memorial"]
[Site "Amsterdam"]
[Date "1996.04.01"]
[Round "9"]
[White "Kasparov, Garry"]
[Black "Gelfand, Boris"]
[Result "1-0"]
[WhiteElo "2775"]
[BlackElo "2700"]
[Annotator "Boensch,U"]
[PlyCount "71"]
[EventDate "1996.03.22"]
[EventType "tourn"]
[EventRounds "9"]
[EventCountry "NED"]
[EventCategory "18"]
[SourceTitle "CBM 052"]
[Source "ChessBase"]
[SourceDate "1996.06.01"]
[SourceVersion "1"]
[SourceVersionDate "1996.06.01"]
[SourceQuality "1"]

1. e4 {Dokhoian Romero Tischbierek} c5 2. Nf3 d6 3. d4 cxd4 4. Nxd4 Nf6 5. Nc3
a6 6. Be2 e5 7. Nb3 Be7 8. O-O O-O 9. Kh1 Nc6 (9... Be6 10. f4 Qc7 11. Nd5 Bxd5
12. exd5 Nbd7 13. c4 $14) (9... b5 $5) 10. f4 a5 {A new and interesting idea,
despite to loose a tempo.} (10... exf4 11. Bxf4 Be6 12. Qe1 Ne8 (12... Ng4 13.
Bxg4 Bxg4 14. Qg3 Bh5 15. Nd5 Re8 16. Nxe7+ Qxe7 17. Rae1 Qe6 $10 {0-1
Sutovskij,E-Gruenfeld,Y/Rishon le Zion (06) ;CBM 45 1994 (37)}) 13. Rd1 (13.
Nd5 $1) 13... Bh4 14. Bg3 (14. Qd2 Ne5 15. Nd4 Rc8 16. Nf5 Bxf5 17. exf5 Qb6
18. Qc1 $16 {1-0 Cseshkovsky,V-Skalik,P/Wisla BES (04) 1992 (25)}) 14... Bxg3
15. Qxg3 Qb6 16. Bg4 Bc4 17. Rf2 Ne5 18. Rfd2 Rd8 19. Be2 Be6 20. h3 Nf6 $10 {
Dolmatov,S-Mithrakanth,P/Calcutta op (04) ;EXP 50 1996/1/2-1/2 (48)}) 11. a4
Nb4 12. Bf3 {Controlling d5.} (12. Be3 Qc7 13. Bf3 Be6 14. Rf2 d5 15. exd5 exf4
{Cabrilo,G-Kosic,D/JUG-chT Igalo ;EXT 94ch 1994/1/2-1/2 (48)}) 12... Qb6 (12...
Bd7) 13. g4 (13. Re1 {Dokhoian} Qf2 14. Re2 Qh4 15. f5 $6 d5 $132) 13... exf4
14. Bxf4 Nd7 15. Nd4 g6 (15... Ne5 16. Nf5 Re8 $13 (16... Bxf5 17. exf5 (17.
gxf5 Nxf3 18. Qxf3 Bf6 19. Rad1) 17... Nxf3 18. Qxf3 Qc6 19. Rad1 Rfd8 20. Rd2
d5 21. Nb5 $16)) 16. Bh6 Re8 17. Nf5 $5 {Forcing matters} gxf5 18. gxf5 Bf6 $2
(18... Kh8 $1 19. Rg1 Bf8 (19... Rg8 $2 20. Rxg8+ Kxg8 21. Qg1+ $1 Qxg1+ 22.
Rxg1+ Kh8 23. Bh5 Ne5 24. Bg7+ Kg8 25. Bxe5+ Kf8 26. Bf4 Nxc2 27. Nd5 $18) 20.
Qd2 d5 (20... Nc6 $2 21. Qg5 Bxh6 22. Qxh6 Qd4 23. e5 $1 Qxe5 24. Rae1 $18) (
20... Qd8 $5 21. Bg5 $5 $44) 21. Be3 (21. Bxf8 Rxf8 22. e5 Qc7 (22... Nxe5 23.
Qg5 Ng6 24. fxg6 fxg6 25. Nxd5 Nxd5 26. Bxd5 Qxb2 27. Rae1 $44)) 21... Bc5 22.
Bxc5 Qxc5 23. exd5 (23. f6 Qd6 24. e5 Rxe5 25. Qg2 Qf8 $19) 23... Ra6 (23...
Qe3 24. Qg2 Qh6 25. Rae1 $44 (25. Rae1 {Dokhoian} Rf8 26. Ne4 Nf6 27. Nd6 Ra6
28. Qg3 Nxc2 29. Re4 Rxd6 (29... Nxe4 30. Nxf7+) 30. Qxd6 Ng4 31. Qg3 Nge3 32.
Qe5+ f6 33. Qc7 Nxd5 34. Qg3 $16)) (23... Ne5 $2 24. Qh6 $18) 24. Ne4 (24. Qg2
Qf8 $17) 24... Qf8 25. c3 Ne5 26. Be2 $44) 19. Rg1+ Kh8 20. Qd2 (20. e5 $5 {
Tischbierek}) 20... Ne5 {Black has good squares for their pieces, but no
comunication between queen and king side.} (20... Qd8 21. Nb5 Ne5 22. Nxd6 Rg8
(22... Ra6 23. Nxe8 $3 Qxd2 (23... Qxe8 24. Qg2 Nxc2 25. Bg7+ $18) 24. Nxf6
Rxf6 (24... Qxh2+ 25. Kxh2 Nxf3+ 26. Kh1 Rxf6 27. Bg7+ $18) 25. Bxd2 Nxf3 26.
Bc3 $18) 23. Bh5 $1 Rxg1+ (23... Ra6 $2 24. Nxf7+ Nxf7 25. Bxf7 $16) 24. Rxg1
Qe7 (24... Bd7 {Dokhoian} 25. Qc3 {/\ 26.Q:e5}) 25. Qg2 Ng6 26. fxg6 fxg6 (
26... hxg6 27. Bxg6 $18) 27. Bxg6 $1 hxg6 (27... Qxd6 28. Bf7 $18) 28. Qxg6 Be6
29. Bf8 $1 $18) 21. Qg2 Ng6 $8 22. fxg6 fxg6 23. Rgf1 $1 {[#]} (23. Bg4 {Romero
}) (23. Bh5 $6 {Dokhoian} Rg8 24. Raf1 Bd4 (24... Be5 $145 $5) 25. Bg5 Be6 $13)
23... Bg7 $6 {Seems logical to propose this change, but black pawn d6 will be
very difficult to defend.} (23... Be5 {defending d6} 24. Rad1 (24. Bg4 {
Romero xf7} Bxg4 25. Qxg4 Nxc2 $1 26. Nd5 (26. Rf7 Qxb2 (26... Nxa1 27. Qd7 Qb3
28. Rxh7+ Kg8 29. Rg7+ $10) (26... Qxb2 $2 27. Rg1 Qxc3 $145 28. Bd2 $1 $18))
26... Qxb2 27. Rab1 Qa2 28. Rxb7 $6 (28. Qh4 Nb4 (28... Rab8 29. Bf4) 29. Nc7
Rac8 30. Nxe8 Rxe8 31. Rbc1 $14) 28... Ne3) 24... Be6 (24... Bd7 {Dokhoian} 25.
Bg4 $5 Bc6 26. Rf7 Bxc3 27. Bf5 $1 Rg8 28. bxc3 Nd3 $5 29. Qg5 $1 Nf2+ 30. Kg2
Nxe4 31. Bxe4 Bxe4+ 32. Kg3 Qd8 33. Re7 $18) 25. Bg4 Bc4 (25... Bxg4 $2 26.
Qxg4 Nxc2 (26... Re7 27. Qf3 (27. Rd2 $16) 27... Ree8 28. Qf7 Nxc2 29. Rf6 Rg8
30. Rfxd6 Qxb2 31. Rd7 $18) 27. Rf7 Qc6 28. Rg1 $1 Rg8 (28... Bxc3 $2 29. Rxh7+
$1 Kxh7 30. Qxg6+ Kh8 31. Bg7+ $18) 29. Qh4 Bg7 30. Bxg7+ Rxg7 31. Qf6 Rag8 32.
Rxg6 $3 $18) 26. Rf3 $36) (23... Qd8 {Romero} 24. Rad1) 24. Bxg7+ Kxg7 25. Rad1
(25. Bg4 {Romero} Qc6 26. Qf3 Bxg4 27. Qf6+ $10 Kh6 $2 28. Qf4+ Kh5 29. Rg1) (
25. Nb5 $6 {Dokhoian} Bd7 26. Rad1 Bxb5 27. axb5 Qxb5 $13) 25... Bd7 {Avoiding
the jump Nb5 [#]} (25... Be6 26. Nb5 Rad8 (26... Bc4 {Romero} 27. Nxd6 Bxf1 28.
Nxe8+ Rxe8 29. Rxf1) 27. c3 $16) (25... Re5 {Romero} 26. Nb5 $1) 26. Qg3 Re5 (
26... Nxc2 27. Rxd6 Bc6 28. Rg1 $18 {[%csl Yg6]}) 27. Bg2 {Black has a lot of
problems. /\Qf4 xf6} (27. Be2 $5 {Dokhoian /\ Be2-c4}) 27... Nxc2 $6 (27... Rf8
28. Rxf8 Kxf8 29. Rf1+ (29. Qf4+ {Romero}) 29... Kg8 (29... Kg7 30. Qh4 g5 31.
Qh5 Be8 32. Qf3 h6 33. Qf8+ Kh7 34. Rf6 Bg6 35. Rxd6 $18) 30. Qh4 Re8 31. Qf6 (
31. e5 $6 {Dokhoian} Bc6) 31... Qd8 32. Qxd6 Bc6 $16) (27... Rae8 28. Qh4 Be6
29. Qf6+ Kg8 30. Nb5 Rxb5 31. axb5 Nxc2 32. Bh3 $18) 28. Nd5 Qd8 (28... Qxb2
29. Qf2 Bc6 30. Qf6+ Kh6 31. Rf4 Nd4 32. Rh4+ Rh5 33. Rxh5+ Kxh5 34. Nf4+ Kh6
35. Ne6 $18) 29. Qf2 Nb4 30. Nb6 $1 Bg4 31. Qf7+ Kh8 32. Nxa8 Bxd1 33. Rxd1
Qxa8 34. Qf6+ Kg8 35. Rxd6 Re8 (35... Nc6 36. Rxc6 bxc6 37. Qxe5 $18) 36. Rd7
1-0

[Event "Dos Hermanas"]
[Site "Dos Hermanas"]
[Date "1996.05.23"]
[Round "3"]
[White "Kasparov, Garry"]
[Black "Shirov, Alexei"]
[Result "1-0"]
[WhiteElo "2775"]
[BlackElo "2690"]
[Annotator "Huebner,R"]
[PlyCount "59"]
[EventDate "1996.05.21"]
[EventType "tourn"]
[EventRounds "9"]
[EventCountry "ESP"]
[EventCategory "19"]
[SourceTitle "CBM 053"]
[Source "ChessBase"]
[SourceDate "1996.08.01"]
[SourceVersion "1"]
[SourceVersionDate "1996.08.01"]
[SourceQuality "1"]

1. d4 {Ftacnik} d5 2. c4 c6 3. Nf3 Nf6 4. Nc3 dxc4 5. a4 Bf5 6. Ne5 e6 7. f3 c5
8. e4 cxd4 9. exf5 (9. Bxc4 $5 {Ftacnik} Bg6 $1 10. Bb5+ Nfd7 $8 11. Qxd4 a6
12. Bxd7+ Nxd7 13. Qxd7+ Qxd7 14. Nxd7 Kxd7 15. Ke2 Bb4 16. Rd1+ Ke7 17. Bf4
Rhc8 18. Rac1 {1/2-1/2 Piket,J-Gelfand,B/Wijk (13)/1996/}) 9... Bb4 (9... Nc6 {
Ftacnik} 10. Nxc6 bxc6 11. fxe6 fxe6 12. Bxc4 dxc3 13. bxc3 Qa5 14. Bd2 Nd5 15.
Qe2 Kf7 16. O-O Bc5+ 17. Kh1 $14 {Salov-Smyslov,URS-55ch Moscow 1988}) 10. Bxc4
(10. fxe6 fxe6 11. Bxc4 Qd6 {In diesem Abspiel hat Schwarz keinen Nutzen davon,
daß Weiß den Tausch auf e6 eingeschaltet hat.} (11... dxc3 $5 12. Qxd8+ Kxd8
13. O-O Re8 $10 {ist eine zusätzliche gute Möglichkeit für Schwarz, die er
dadurch gewonnen hat, daß Weiß frühzeitig auf e6 getauscht hat.} (13... Ke7 14.
bxc3 Bc5+ (14... Bxc3 15. Ba3+ Ke8 16. Bb5+ {ist nicht günstig für Schwarz.})
15. Kh1 Nbd7 {geht in die Partie Bouchaud-Trinh, Paris 1991, über, siehe
Anmerkung zu 10...Dd6.})) 12. Qe2 (12. Bf4 dxc3 13. Qxd6 cxb2+ 14. Qxb4 bxa1=Q+
$13 {Tabatadze, Inf. 49/444} 15. Ke2 (15. Kf2 Qd4+ $19) 15... Qxh1 16. Qxb7
Qxg2+ 17. Kd3 O-O $17) (12. Bb5+ Nc6 (12... Nbd7 13. Nc4 Qd5 14. Qb3 Qc5 15.
Bd2 $18) 13. Bf4 $18) 12... dxc3 13. O-O O-O 14. Rd1 $13 {Tabatadze-Choperia,
Budapest 1990, Inf. 49/444.}) 10... Qd6 $6 (10... dxc3 $5 11. Qxd8+ Kxd8 12.
O-O (12. Ke2 cxb2 13. Bxb2 Ke7 $13) 12... Ke7 (12... cxb2 13. Bxb2 Ke7 14. Nd3
$16) 13. bxc3 Bc5+ 14. Kh1 Nbd7 15. Nxd7 Nxd7 16. fxe6 fxe6 17. Re1 Nf8 $14 {
Bouchaud-Trinh, Paris (ch) 1991, TD 91/02}) 11. Bb5+ Nc6 (11... Nbd7 12. Nc4
Qc5 (12... Qd5 13. Qb3 Qc5 14. fxe6 fxe6 15. Bd2 $18) 13. fxe6 fxe6 (13... dxc3
14. exd7+ Kd8 15. Kf1 $18) 14. Bd2 $18) (11... Ke7 12. Bf4 Qc5 13. Nd3 dxc3 (
13... Qxf5 {Ftacnik} 14. g4 Bxc3+ (14... Nxg4 15. Nxb4 dxc3 (15... Qxf4 16.
Nbd5+ $18) 16. Qd6+ Kf6 17. Bd3 $18) 15. bxc3 Qd5 16. Nb4 Qc5 17. Qxd4 $18) 14.
Nxc5 c2+ 15. Qd2 Bxd2+ 16. Bxd2 $18) 12. Nc4 $6 (12. Bf4 $142 Qc5 (12... dxc3
13. Nxc6 $18) 13. Nd3 dxc3 $8 14. Nxc5 cxb2+ (14... c2+ 15. Qd2 $18) 15. Bd2
bxa1=Q 16. Qxa1 Bxc5 17. Qc3 $18) 12... Qc5 $2 (12... Qd8 $142 13. Qb3 Nd5 $13
(13... Qe7 $13)) 13. Bd2 $18 O-O (13... dxc3 {Ftacnik} 14. bxc3 O-O-O 15. cxb4
Nxb4 16. Ne3 $18) (13... a6 {Ftacnik} 14. Bxc6+ bxc6 15. Na2 Bxd2+ 16. Nxd2
Qxf5 $16) 14. Na2 Bxd2+ 15. Qxd2 Ne7 (15... Qxf5 {Ftacnik} 16. Bxc6 bxc6 17.
Qxd4 $16) 16. Qb4 (16. b4 {Ftacnik} Qxf5 17. Qxd4 Rfd8 18. Nd6 Qc2 19. O-O Nc8
20. Qc5 $16) 16... Qxb4+ 17. Nxb4 a6 (17... Nxf5 {Ftacnik} 18. g4 Nh4 19. Ne5
$16) 18. Nb6 axb5 (18... Rad8 {Ftacnik} 19. Bd3 $18) 19. Nxa8 Rxa8 20. fxe6
bxa4 (20... fxe6 {Ftacnik} 21. Nc2 d3 22. axb5 Rxa1+ 23. Nxa1 Ned5 24. Kd2 $18)
21. exf7+ Kxf7 22. Kd2 Ke6 (22... b5 {Ftacnik} 23. Rhc1 $16) 23. Rhc1 Kd6 (
23... b5 {Ftacnik} 24. Rc5 Rb8 25. Re1+ Kd6 26. Rce5 $18) 24. b3 $1 (24. Rc4 {
Ftacnik} b5 25. Rxd4+ Kc5 26. Nc2 Nc6 27. Rd3 (27. b4+ axb3 $1 28. Rxa8 b2 29.
Na3) 27... Ne5 28. Rc3+ Nc4+ 29. Kc1 $16) 24... b5 25. bxa4 bxa4 (25... Rxa4 {
Ftacnik} 26. Rxa4 bxa4 27. Ra1 Kc5 28. Rxa4 Kb5 29. Ra7 $18) 26. Rc4 Nf5 27.
Nc2 (27. g4 {Ftacnik} Nh4 28. Ra3 $18) 27... Nd7 28. Rcxa4 Rxa4 29. Rxa4 Nb6
30. Nxd4 (30. Ra6 $18 {Ftacnik}) (30. Nxd4 Nxa4 31. Nxf5+ Ke5 32. Nxg7 $18) 1-0

[Event "Olympiad-32"]
[Site "Yerevan"]
[Date "1996.09.23"]
[Round "7.1"]
[White "Kasparov, Garry"]
[Black "Hracek, Zbynek"]
[Result "1-0"]
[WhiteElo "2785"]
[BlackElo "2625"]
[Annotator "Ftacnik,L"]
[PlyCount "49"]
[EventDate "1996.09.15"]
[EventType "team-swiss"]
[EventRounds "14"]
[EventCountry "ARM"]
[SourceTitle "CBM 055"]
[Source "ChessBase"]
[SourceDate "1996.12.01"]
[SourceVersion "1"]
[SourceVersionDate "1996.12.01"]
[SourceQuality "1"]
[WhiteTeam "Russia"]
[BlackTeam "Czech Republic"]
[WhiteTeamCountry "RUS"]
[BlackTeamCountry "CZE"]

1. e4 c5 2. Nf3 d6 3. d4 cxd4 4. Nxd4 Nf6 5. Nc3 Nc6 6. Bg5 e6 7. Qd2 a6 8.
O-O-O Nxd4 9. Qxd4 Be7 10. f4 b5 11. Bxf6 gxf6 12. e5 $1 $146 (12. f5 Qc7 (
12... Qa5 13. Kb1 b4 14. Ne2 e5 15. Qe3 Bb7 16. Ng3 d5 17. Bd3 O-O-O 18. Qe2 h5
19. exd5 h4 20. Ne4 Rxd5 {1/2-1/2 Khalifman,A-Hracek,Z/Erevan (03) 1996 (25)})
13. fxe6 (13. Be2 Qc5 14. Qd3 Ra7 15. Bh5 {1/2-1/2 Hracek,Z-Epishin,V/Erevan 
(06) 1996}) (13. Kb1 Qc5 14. Qd2 Bd7 15. g3 b4 16. fxe6 fxe6 17. Ne2 a5 18. Bh3
Rc8 19. Nd4 Qe5 20. Rhe1 Rc7 21. Qh6 Bf8 22. Qh4 h5 {0-1 Kindermann,S-Piket,Je/
Nussloch (08)/1996 (41)}) 13... fxe6 14. Qd2 Qc5 15. Kb1 Bd7 16. Bd3 b4 17. Ne2
a5 18. Nf4 a4 19. Be2 {1/2-1/2 Dolmatov,S-Aseev,K/Kemerovo1 (07)/1995}) (12.
Bd3 Qc7 13. Qe3 Qc5 (13... Bd7 14. Qh3 b4 15. Ne2 h5 16. f5 e5 17. Ng3 a5 18.
Nxh5 Kd8 19. Qg4 Qc5 20. Kb1 a4 21. Qe2 a3 {Zude,A-Epishin,V/Vienna op (02) ;
EXP 53 1996/0-1 (52)}) 14. Qg3 (14. Qh3 h5 15. Kb1 b4 16. Ne2 a5 17. Rc1 a4 18.
Rhd1 Bd7 19. c3 Rb8 20. Rd2 Bd8 21. cxb4 Qxb4 22. Rdc2 f5 {Slobodjan,R-Hracek,
Z/Nussloch (04)/1996/0-1 (49)}) 14... b4 (14... Kf8 15. f5 b4 16. Ne2 a5 17.
Kb1 a4 18. Rhf1 e5 19. Qf2 Qxf2 20. Rxf2 Bd8 21. Bc4 {1-0 Thorhallsson,
T-Nielsen,PH/Gausdal op (05)/1996 (43)}) 15. Ne2 a5 16. Kb1 Kf8 17. Qh3 h5 18.
Rc1 d5 19. exd5 Qxd5 20. f5 a4 21. Rhe1 Rb8 22. Nf4 Qd6 23. Qf3 e5 24. Nd5 {
1-0 Kasparov,G-Kramnik,V/Amsterdam VSB (07)/1996 (43)}) (12. Be2 Qa5 (12... Qc7
13. Bf3 Bb7 14. f5 h5 15. Kb1 Qc5 16. Qd2 O-O-O 17. a3 Kb8 18. Qe2 h4 19. Rhe1
Qe5 20. Qf2 Rc8 21. Nd5 Bd8 22. Nb4 {1/2-1/2 Leko,P-Kramnik,V/Frankfurt rap 
(04) 1996 (36)}) 13. e5 fxe5 14. fxe5 d5 15. Nxd5 exd5 16. e6 O-O 17. Rd3 Bg5+
18. Kb1 Bxe6 19. Rg3 h6 20. h4 Qc7 21. hxg5 Qxg3 22. Rxh6 f6 {0-1 Shirov,
A-Kramnik,V/Amber Rapid Monte Carlo (3) 1996 (29)}) 12... d5 (12... dxe5 13.
Qe4 Bd7 14. Rxd7 (14. fxe5 fxe5 15. Qxe5 Bf6 16. Qe1 $14) 14... Kxd7 15. Bxb5+
axb5 16. Rd1+ Bd6 17. Nxb5 (17. Qb7+ Ke8 18. Nxb5 Rb8 19. Qc6+ Ke7 (19... Kf8
20. Nxd6 Qb6 21. Qd7) 20. Nxd6 Qb6 $14) 17... Ke7 18. Nxd6 $16) (12... fxe5 13.
fxe5 dxe5 14. Qxe5 Bg5+ 15. Kb1 Qf6 16. Qd6 e5 17. Nxb5 $18) 13. Kb1 b4 (13...
Bb7 $5) 14. Ne2 (14. exf6 $6 Bxf6 15. Qxb4 Qc7 $44) 14... a5 15. Ng3 f5 (15...
Ba6 16. Nh5 (16. Bxa6 Rxa6 17. f5 $16) 16... f5 17. Bxa6 Rxa6 18. h3 Rg8 19. g4
fxg4 20. Qd3 Rc6 21. Qxh7 Rg6 22. Ng7+ Kd7 23. f5 $18) 16. Nh5 Rb8 (16... Rg8
$5 17. h3 a4 18. g4 fxg4 19. hxg4 (19. Rg1 a3 20. b3 $14) 19... Rxg4 20. Be2 (
20. Nf6+ Bxf6 21. exf6 Qd6 22. Rxh7 Rxf4 23. Bb5+ Kd8 24. Qg1 Rxf6 25. Qg8+ Kc7
26. Rxf7+ Rxf7 27. Qxf7+ Kb8 $15) 20... Rg8 21. Nf6+ Bxf6 22. exf6 $16) 17. g4
$1 fxg4 18. f5 Rg8 (18... exf5 19. e6 Rg8 (19... f6 20. Bg2 $16) 20. exf7+ Kxf7
21. Bg2 Bb7 22. Rhf1 Rg5 23. Nf4 Bf6 24. Qa7 $16) 19. Nf6+ Bxf6 20. exf6 Qd6 (
20... exf5 21. Qe5+ Be6 22. Rxd5 $1 Qxd5 23. Qxb8+ Kd7 24. Bb5+ $18) 21. Bg2
Rg5 (21... exf5 22. Bxd5 Be6 23. Qa7 Bxd5 24. Rxd5 $18) (21... e5 22. Rhe1 Bxf5
23. Rxe5+ Be6 24. Bxd5 $18) (21... Kf8 22. Qe3 a4 23. Qh6+ Ke8 24. Qxh7 Rf8 25.
Rhe1 $18) 22. Bxd5 $1 Bd7 (22... Qxd5 23. Qf4 Qxf5 24. Qxb8 $18) 23. Rhe1 h6 (
23... Rxf5 24. Bxe6 Qxd4 25. Bxf5+ Kf8 26. Rxd4 Bxf5 27. Rd5 $18) (23... b3 24.
axb3 Rb4 25. Qa7 Qb6 26. fxe6 Qxa7 27. exd7+ Kd8 28. Re8+ Kxd7 29. Re7+ Kd6 30.
Bc4+ $18) 24. fxe6 fxe6 25. Qa7 (25. Qa7 Rxd5 26. Rxd5 Qxd5 27. Qxb8+ $18) 1-0